00920cam a2200241 a 4500001000500000005001700005020003000022020002700052040002300079050002200102082001700124100002500141245009100166260003800257300004000295505000700335520023400342521001700576521001700593650001600610650001600626700003600642281120240116093422.0 a9780531138670 (lib. bdg.) a0531138674 (lib. bdg.) aDLCcDLCdDLCbeng00aHM1091b.W43 200800a303.3/852221 aWebber, Dianed1968-10aTotally tolerant :bspotting and stopping prejudice /cDiane Webber and Laurie Mandel. aNew York :bFranklin Watts,c2008 a112 pages :billustrations ;c20 cm aR  aEthnic slurs. Name calling. Group exclusion. Prejudice isn't overt, but it is everywhere. Learn to spot and stop prejudice when you see it. Find out how to turn differences into exciting opportunities that could change your life. a910 bLexile aR bRaz-Plus 0aPrejudices. 0aToleration.1 aMandel, Lauried1963-eCoauthor